Statystyki dla Polscy biskupi diecezjalni

Kliknij tutaj aby rozwiązać quiz!

Ogólne statystyki

  • Ten quiz został rozwiązany 57 razy
  • Średni wynik to 21 z 41

Statystyki odpowiedzi

Odpowiedź% Poprawnych
Abp. Wojciech Polak
89%
Kard. Grzegorz Ryś
89%
Kard. Kazimierz Nycz
89%
Abp. Marek Jędraszewski
86%
Abp. Stanisław Gądecki
84%
Abp. Wacław Depo
84%
Bp. Andrzej Jeż
66%
Abp. Adrian Galbas
61%
Bp. Marek Solarczyk
57%
Bp. Roman Pindel
57%
Abp. Stanisław Budzik
55%
Abp. Adam Szal
52%
Abp. Andrzej Dzięga
52%
Abp. Józef Guzdek
52%
Bp. Zbigniew Zieliński
52%
Abp. Tadeusz Wojda
50%
Bp. Ryszard Kasyna
50%
Bp. Andrzej Czaja
48%
Bp. Damian Bryl
48%
Bp. Grzegorz Kaszak
48%
Bp. Jacek Jezierski
48%
Bp. Wiesław Śmigiel
45%
Abp. Józef Kupny
43%
Bp. Jan Wątroba
43%
Bp. Jerzy Mazur
43%
Bp. Romuald Kamiński
43%
Bp. Jan Piotrowski
41%
Bp. Krzysztof Włodarczyk
41%
Bp. Sławomir Oder
41%
Bp. Szymon Stułkowski
41%
Bp. Krzysztof Nitkiewicz
36%
Bp. Andrzej Dziuba
34%
Bp. Andrzej Siemieniewski
34%
Bp. Józef Górzyński
34%
Bp. Krzysztof Wętkowski
34%
Bp. Marek Mendyk
34%
Bp. Piotr Sawczuk
34%
Bp. Tadeusz Lityński
34%
Bp. Janusz Stepnowski
27%
Bp. Marian Rojek
27%
Bp. Kazimierz Gurda
25%

Rozkład punktacji

Percentyl według liczby udzielonych odpowiedzi

Procent ludzi z każdym wynikiem

Twoja historia wyników

Nie rozwiązałeś tego quizu